000 00525nam a2200181Ia 4500
005 20250508155059.0
008 008 250505s9999 xx 000 0 eng d
037 _aBooks to be hide in OPAC
040 _aFEDL
_beng
_cFEDL
041 _aeng
_2eng
084 _a370.954 5, PUN/O
_qFEDL
245 0 _aAnnual report on the progress of education in the Punjab for the year 1959-60
245 0 _cPUNJAB
260 _c1963
300 _a242p.
942 _cHB
_h370.954 5, PUN/O
999 _c1354001
_d1354001